| 000 | 00760nam a2200217 a 4500 | ||
|---|---|---|---|
| 005 | 20140310183405.0 | ||
| 008 | 121012s19uu xx 00 eng d | ||
| 020 | _a9780807748381 | ||
| 050 |
_aLC 225.3 _b.Ot85 2008 |
||
| 245 |
_aOther kinds of families : _bembracing diversity in schools / _cedited by Tammy Turner-Vorbeck, Monica Miller Marsh. |
||
| 260 |
_aNew York : _bTeachers College Press, _c2008. |
||
| 300 |
_a204 p. : _c23 cm. |
||
| 500 | _aIncludes bibliographical references and index | ||
| 521 | _aEDU | ||
| 650 |
_aHome and school _xUnited States |
||
| 650 |
_aParent-teacher relationships _xUnited States |
||
| 650 |
_aMulticultural education _xUnited States |
||
| 700 | _aMarsh, Monica Miller | ||
| 942 |
_cBK _2lcc _kFOR |
||
| 999 |
_c22390 _d22390 |
||